Gandhi's khadi : (Record no. 28563)

MARC details
000 -LEADER
fixed length control field 01187nam a22003014a 4500
005 - DATE AND TIME OF LATEST TRANSACTION
control field 20090723104954.0
008 - FIXED-LENGTH DATA ELEMENTS--GENERAL INFORMATION
fixed length control field 080520s2008 ii b 001 0 eng
010 ## - LCCN (DPL NO)
LC control number ENG-94515
020 ## - INTERNATIONAL STANDARD BOOK NUMBER
International Standard Book Number 9788125035831
Terms of availability 295.00
020 ## - INTERNATIONAL STANDARD BOOK NUMBER
International Standard Book Number 8125035834
Terms of availability 295.00
035 ## - SYSTEM CONTROL NUMBER
System control number EN-78048
037 ## - SOURCE OF ACQUISITION
Source of stock number/acquisition DBAD / PUB
040 ## - CATALOGING SOURCE
Original cataloging agency dpl
Language of cataloging English
082 ## - DEWEY DECIMAL CLASSIFICATION NUMBER
Classification number 954.0841
100 ## - MAIN ENTRY--PERSONAL NAME
Personal name Ramagundam, Rahul
245 ## - TITLE STATEMENT
Title Gandhi's khadi :
Remainder of title a history of contention and conciliation /
Statement of responsibility, etc by Rahul Ramagundam
260 ## - PUBLICATION, DISTRIBUTION, ETC. (IMPRINT)
Place of publication, distribution, etc New Delhi
Name of publisher, distributor, etc Orient Longman
Date of publication, distribution, etc 2008
270 ## - ADDRESS
Address 1/24, Asaf Ali Road,
City New Delhi
Postal code 110002
300 ## - PHYSICAL DESCRIPTION
Extent xiii, 298 p. ;
Dimensions 22cm(pbk)
500 ## - GENERAL NOTE
General note Includes bibliographical references and index
650 ## - SUBJECT ADDED ENTRY--TOPICAL TERM
Topical term or geographic name as entry element Swadeshi movement
General subdivision History.
650 ## - SUBJECT ADDED ENTRY--TOPICAL TERM
Topical term or geographic name as entry element Khadi
General subdivision Political aspects
-- History.
650 ## - SUBJECT ADDED ENTRY--TOPICAL TERM
Topical term or geographic name as entry element Khadi
General subdivision Economic aspects
-- History.
650 ## - SUBJECT ADDED ENTRY--TOPICAL TERM
Topical term or geographic name as entry element Nationalism
Geographic subdivision India
General subdivision History
Chronological subdivision 20th century.
651 ## - SUBJECT ADDED ENTRY--GEOGRAPHIC NAME
Geographic name India
General subdivision Politics and government
Chronological subdivision 1919-1947.
942 ## - ADDED ENTRY ELEMENTS (KOHA)
Source of classification or shelving scheme Dewey Decimal Classification
Item type English Books
Call number suffix RAM
Classification part 954.0841
Holdings
Withdrawn status Lost status Source of classification or shelving scheme Damaged status Not for loan Collection code Home library Current library Date acquired Source of acquisition Cost, normal purchase price Total Checkouts Full call number Barcode Date last seen Copy number Cost, replacement price Koha item type
    Dewey Decimal Classification   Not For Loan Non-fiction D.B.Act.Division D.B.Act.Division 23/07/2009 DBAD / PUB 295.00   954.0841 RAM EN-78048 23/07/2009 1 295.00 English Books

© Delhi Public Library
Hit Counter
free hit counter